Normal view
MARC view
- Alishba Jawwad
Entry Personal Name
001 - CONTROL NUMBER
- control field: 133507
003 - CONTROL NUMBER IDENTIFIER
- control field: NUST
005 - DATE AND TIME OF LATEST TRANSACTION
- control field: 20260302104358.0
008 - FIXED-LENGTH DATA ELEMENTS
- fixed length control field: 260302|| aca||aabn | a|a d
040 ## - CATALOGING SOURCE
- Original cataloging agency: NUST
- Transcribing agency: NUST
100 ## - HEADING--PERSONAL NAME
- Personal name: Alishba Jawwad
670 ## - SOURCE DATA FOUND
- Source citation: Work cat.: (NUST): Alishba Jawwad, , Understanding HIV/AIDS Knowledge and Discriminatory Attitudes in Pakistan: The Role of Socioeconomic Factors, Multidimensional Poverty, and Awareness Intervention/
